| 000 | 01355nam a2200241Ia 4500 | ||
|---|---|---|---|
| 003 | Ost | ||
| 005 | 20260416102402.0 | ||
| 008 | 260416s9999||||xx |||||||||||||| ||und|| | ||
| 040 | _cfsecg | ||
| 041 | _aara | ||
| 082 | _a657 | ||
| 100 |
_aبن عروج، صبرينة _eمؤلف |
||
| 245 | 0 |
_aمحاضرات وتطبيقات في مقياس المحاسبة المالية 1 / _c صبرينة بن عروج |
|
| 260 |
_aالجزائر _bجامعة الجزائر3: كلية العلوم الإقتصادية، العلوم التجارية وعلوم التسيير _c2025 |
||
| 300 |
_a111 ورقة _bايضاحات _c12 سم |
||
| 504 | _aببليوغرافيا: ص.ص. 110-111 | ||
| 520 | _aالإطار النظري للمحاسبة المالية، الميزانية، دفتر الأستاذ، دفتر اليومية، الدورة المحاسبية، دراسة الأموال الخاصة، دراسة التثبيتات، المخزونات "مدخل عام"، المعالجة المحاسبية للرسم على القيمة المضافة. | ||
| 653 | _aالمحاسبة | ||
| 653 | _aالمحاسبة المالية | ||
| 653 | _aالمخازن | ||
| 710 |
_aجامعة الجزائر3: كلية العلوم الإقتصادية، العلوم التجارية وعلوم التسيير _eناشر علمي |
||
| 942 | _cHANDOUT | ||
| 999 |
_c41475 _d41475 |
||